[Event "SRI-ch (Women)"]
[Site "Nugegoda"]
[Date "2019.07.07"]
[Round "11"]
[White "Kodikara, KKM Sachintha"]
[Black "Jayatilaka, WMM Amodya"]
[Result "1/2-1/2"]
[WhiteElo "1578"]
[BlackElo "1388"]
[PlyCount "62"]
[EventDate "2019.06.29"]
[EventType "tourn"]
[EventRounds "13"]
[EventCountry "SRI"]
[SourceTitle "EXT 2020"]
[Source "ChessBase"]
[SourceDate "2019.10.17"]
[SourceVersion "1"]
[SourceVersionDate "2019.10.17"]
[SourceQuality "1"]

1. e4 c5 2. Nc3 g6 3. f4 Bg7 4. Nf3 Nc6 5. Bb5 Nd4 6. 0-0 Nxb5 7. Nxb5 Qb6 8. Nc3 e6 9. Kh1 Ne7 10. d3 0-0 11. Qe1 d5 12. Qh4 dxe4 13. dxe4 Nc6 14. Ng5 h6 15. Nf3 Qd8 16. Qg3 b6 17. Be3 Ba6 18. Rf2 Qe7 19. Re1 Nd4 20. f5 exf5 21. Bxd4 cxd4 22. exf5 Qd7 23. Ne4 Qxf5 24. Nxd4 Qd5 25. Rd2 Qe5 26. Qxe5 Bxe5 27. c3 Bxd4 28. Rxd4 Kg7 29. Ng3 Rfe8 30. Red1 Re7 31. h3 Rae8 1/2-1/2

[Event "SRI-ch (Women)"]
[Site "Nugegoda"]
[Date "2019.07.07"]
[Round "10"]
[White "Premanath, Prasansa"]
[Black "Kodikara, KKM Sachintha"]
[Result "1/2-1/2"]
[WhiteElo "1347"]
[BlackElo "1578"]
[PlyCount "62"]
[EventDate "2019.06.29"]
[EventType "tourn"]
[EventRounds "13"]
[EventCountry "SRI"]
[SourceTitle "EXT 2020"]
[Source "ChessBase"]
[SourceDate "2019.10.17"]
[SourceVersion "1"]
[SourceVersionDate "2019.10.17"]
[SourceQuality "1"]

1. e4 e6 2. d4 d5 3. Nc3 dxe4 4. Nxe4 Bd7 5. Nf3 Bc6 6. Bd3 Nd7 7. 0-0 Ngf6 8. Nxf6+ Qxf6 9. Be2 Bxf3 10. Bxf3 c6 11. Re1 0-0-0 12. c3 g5 13. b4 Nb6 14. a4 Kd7 15. b5 Bd6 16. a5 Nd5 17. Qb3 Rb8 18. Bxd5 cxd5 19. b6 a6 20. c4 dxc4 21. Qxc4 Rhc8 22. Qd3 h6 23. Bd2 g4 24. Rac1 Qg7 25. d5 Rxc1 26. dxe6+ fxe6 27. Rxc1 Qe5 28. g3 Qf5 29. Qxf5 exf5 30. Bxh6 Rc8 31. Rxc8 Kxc8 1/2-1/2

[Event "SRI-ch (Women)"]
[Site "Nugegoda"]
[Date "2019.07.06"]
[Round "8"]
[White "Methmani, Nelunika"]
[Black "Kodikara, KKM Sachintha"]
[Result "0-1"]
[WhiteElo "1623"]
[BlackElo "1578"]
[PlyCount "54"]
[EventDate "2019.06.29"]
[EventType "tourn"]
[EventRounds "13"]
[EventCountry "SRI"]
[SourceTitle "EXT 2020"]
[Source "ChessBase"]
[SourceDate "2019.10.17"]
[SourceVersion "1"]
[SourceVersionDate "2019.10.17"]
[SourceQuality "1"]

1. d4 d5 2. c4 dxc4 3. Nc3 a6 4. a4 e5 5. d5 c6 6. e4 Bb4 7. Bxc4 Nf6 8. Bg5 Bxc3+ 9. bxc3 Qa5 10. Nf3 Qxc3+ 11. Nd2 Bg4 12. Rc1 Bxd1 13. Rxc3 Bxa4 14. 0-0 0-0 15. Ra1 b5 16. dxc6 Nxc6 17. Bxf7+ Kxf7 18. Rxc6 Rfc8 19. Rac1 Rxc6 20. Rxc6 b4 21. Rc7+ Nd7 22. Nc4 Ke6 23. Nb6 Nxb6 24. Rxg7 b3 25. Rxh7 Nc4 26. Rb7 b2 27. Rb4 Bc2 0-1

[Event "Asian Schools-ch 14th U15 Girls"]
[Site "Waskaduwa"]
[Date "2018.07.09"]
[Round "1.5"]
[White "Kodikara, KKM Sachintha"]
[Black "Divyanjalie, WSM"]
[Result "1-0"]
[WhiteElo "1607"]
[BlackElo "1175"]
[PlyCount "57"]
[EventDate "2018.07.09"]
[EventType "swiss"]
[EventRounds "9"]
[EventCountry "SRI"]
[SourceTitle "EXT 2024"]
[Source "ChessBase"]
[SourceDate "2023.10.10"]
[SourceVersion "1"]
[SourceVersionDate "2023.10.10"]
[SourceQuality "1"]

1. e4 c5 2. Nf3 d6 3. d4 cxd4 4. Nxd4 Nf6 5. Nc3 a6 6. Bg5 Nbd7 7. f4 e6 8. Qf3 Be7 9. g4 h6 10. Bh4 e5 11. Nf5 g6 12. Nxe7 Qxe7 13. Nd5 Qd8 14. fxe5 g5 15. Nxf6+ Nxf6 16. Qxf6 Qxf6 17. exf6 gxh4 18. Be2 Rg8 19. 0-0-0 Kd7 20. e5 Ke8 21. Rxd6 Be6 22. Rhd1 Rg5 23. Bf3 Rb8 24. Bxb7 Rxe5 25. Bc6+ Bd7 26. Rxd7 Kf8 27. Rd8+ Rxd8 28. Rxd8+ Re8 29. Rxe8# 1-0

[Event "SRI-ch (Women)"]
[Site "Colombo"]
[Date "2018.05.13"]
[Round "13"]
[White "Premanath, Dinushki"]
[Black "Kodikara, KKM Sachintha"]
[Result "1/2-1/2"]
[WhiteElo "1771"]
[BlackElo "1560"]
[PlyCount "152"]
[EventDate "2018.05.04"]
[EventType "tourn"]
[EventRounds "13"]
[EventCountry "SRI"]
[SourceTitle "CBM 184 Extra"]
[Source "ChessBase"]
[SourceDate "2018.06.28"]
[SourceVersion "1"]
[SourceVersionDate "2018.06.28"]
[SourceQuality "1"]

1. e4 d5 2. exd5 Nf6 3. d4 Nxd5 4. c4 Nf6 5. Nc3 Bg4 6. Be2 Bxe2 7. Ngxe2 e6 8. 0-0 Bd6 9. Ng3 0-0 10. Bg5 Nbd7 11. a3 h6 12. Be3 a5 13. Qb3 Ng4 14. Nce4 Qh4 15. h3 Nxe3 16. Qxe3 Bf4 17. Qd3 f5 18. Nc3 Bxg3 19. fxg3 Qg5 20. Rae1 Rf6 21. Nb5 Rc8 22. Qf3 c6 23. Nd6 Rb8 24. Re2 c5 25. dxc5 Nxc5 26. b4 axb4 27. axb4 Na6 28. Qc3 b6 29. Ra1 Rd8 30. c5 Nb8 31. Re5 Nc6 32. Ne4 Qg6 33. Nxf6+ Qxf6 34. Re3 Nxb4 35. Qxf6 gxf6 36. Rxe6 bxc5 37. Rxf6 c4 38. Rb6 c3 39. Rxb4 c2 40. Rba4 Rd1+ 41. Kf2 c1Q 42. Rxc1 Rxc1 43. Ra5 Rc2+ 44. Kf3 Rc3+ 45. Kf2 Rc2+ 46. Kg1 Rc1+ 47. Kh2 Rf1 48. Ra4 Re1 49. Ra7 Rd1 50. Rc7 Re1 51. Rc5 Rf1 52. Rc4 Re1 53. g4 fxg4 54. Rxg4+ Kh7 55. Kg3 Re5 56. Kf4 Ra5 57. Kg3 Ra3+ 58. Kh4 Ra8 59. Rd4 Rb8 60. Rd6 Rg8 61. g4 Ra8 62. Rf6 Kg7 63. Re6 Rb8 64. Kg3 Rb3+ 65. Kg2 Rb2+ 66. Kf3 Rb3+ 67. Re3 Rb6 68. h4 Kg6 69. Re8 Rb3+ 70. Kf4 Rb4+ 71. Re4 Rb6 72. h5+ Kf6 73. Kg3 Rb5 74. Rf4+ Kg7 75. Rf3 Ra5 76. Re3 Rb5 1/2-1/2

[Event "SRI-ch (Women)"]
[Site "Colombo"]
[Date "2018.05.11"]
[Round "9"]
[White "Ranasinghe, Sachini D"]
[Black "Kodikara, KKM Sachintha"]
[Result "1-0"]
[WhiteElo "1789"]
[BlackElo "1560"]
[PlyCount "81"]
[EventDate "2018.05.04"]
[EventType "tourn"]
[EventRounds "13"]
[EventCountry "SRI"]
[SourceTitle "CBM 184 Extra"]
[Source "ChessBase"]
[SourceDate "2018.06.28"]
[SourceVersion "1"]
[SourceVersionDate "2018.06.28"]
[SourceQuality "1"]

1. g3 d5 2. d4 Nf6 3. Bg2 e6 4. Nf3 c5 5. 0-0 Nc6 6. e3 Be7 7. Nbd2 0-0 8. c4 Qc7 9. b3 Rd8 10. Bb2 Ne4 11. cxd5 exd5 12. Rc1 b6 13. Ne5 Nxe5 14. dxe5 Nxd2 15. Qxd2 Be6 16. f4 g6 17. Qe2 Rac8 18. g4 Qd7 19. Bh3 Qc6 20. f5 Bd7 21. Bg2 Qb5 22. Qf2 Be8 23. Rfd1 Qc6 24. Rd2 Rc7 25. Rcd1 Rcd7 26. Rd3 a6 27. Qd2 Bg5 28. h4 Bxh4 29. Bxd5 Rxd5 30. Rxd5 Rc8 31. Qh2 g5 32. e6 Qc7 33. exf7+ Kxf7 34. Qxc7+ Rxc7 35. Be5 Re7 36. Bd6 Rxe3 37. Re5 Rg3+ 38. Kh2 Bc6 39. Re7+ Kf6 40. Re6+ Kf7 41. Bxg3 1-0

[Event "SRI-ch (Women)"]
[Site "Colombo"]
[Date "2018.05.07"]
[Round "7"]
[White "Pavalachandran, Ashvini"]
[Black "Kodikara, KKM Sachintha"]
[Result "1/2-1/2"]
[WhiteElo "1632"]
[BlackElo "1560"]
[PlyCount "34"]
[EventDate "2018.05.04"]
[EventType "tourn"]
[EventRounds "13"]
[EventCountry "SRI"]
[SourceTitle "CBM 184 Extra"]
[Source "ChessBase"]
[SourceDate "2018.06.28"]
[SourceVersion "1"]
[SourceVersionDate "2018.06.28"]
[SourceQuality "1"]

1. d4 b5 2. c4 bxc4 3. e4 Bb7 4. Nc3 Nf6 5. Bxc4 e6 6. Bg5 Bb4 7. f3 Be7 8. Bxf6 gxf6 9. d5 Bc5 10. Qb3 Ba6 11. Nge2 f5 12. dxe6 fxe6 13. g3 fxe4 14. Nxe4 Bxc4 15. Qxc4 Bb6 16. Rd1 Nc6 17. Nf4 Qe7 1/2-1/2

[Event "SRI-chB (Women)"]
[Site "Narahenpita"]
[Date "2017.05.19"]
[Round "6"]
[White "Kodikara, KKM Sachintha"]
[Black "Abeysinghe, HMH Janandani"]
[Result "1-0"]
[WhiteElo "1631"]
[BlackElo "1493"]
[PlyCount "65"]
[EventDate "2017.05.12"]
[EventType "swiss"]
[EventRounds "10"]
[EventCountry "SRI"]
[SourceTitle "CBM 178 Extra"]
[Source "ChessBase"]
[SourceDate "2017.06.22"]
[SourceVersion "1"]
[SourceVersionDate "2017.06.22"]
[SourceQuality "1"]

1. d4 Nf6 2. Nf3 g6 3. e3 Bg7 4. Be2 0-0 5. b3 d6 6. Bb2 Nbd7 7. Nbd2 c5 8. c4 d5 9. 0-0 dxc4 10. Nxc4 b6 11. Nce5 Bb7 12. Bc4 Nxe5 13. Nxe5 Qc7 14. dxc5 Qxc5 15. Rc1 Bd5 16. Nd7 Nxd7 17. Bxd5 Qd6 18. Bxg7 Kxg7 19. Bxa8 Rxa8 20. Qxd6 exd6 21. Rfd1 Nc5 22. Rxd6 Kf8 23. b4 Na6 24. a3 Ke7 25. Rcd1 Ke8 26. Rd7 h6 27. g4 Nb8 28. Rb7 Nc6 29. Rdd7 f6 30. Rh7 Ne7 31. Rbxe7+ Kd8 32. Reg7 Ke8 33. Rh8# 1-0

[Event "SRI-chB (Women)"]
[Site "Narahenpita"]
[Date "2017.05.14"]
[Round "4"]
[White "Kodikara, KKM Sachintha"]
[Black "Fernando, GW Nethmi L"]
[Result "1/2-1/2"]
[WhiteElo "1631"]
[BlackElo "1341"]
[PlyCount "85"]
[EventDate "2017.05.12"]
[EventType "swiss"]
[EventRounds "10"]
[EventCountry "SRI"]
[SourceTitle "CBM 178 Extra"]
[Source "ChessBase"]
[SourceDate "2017.06.22"]
[SourceVersion "1"]
[SourceVersionDate "2017.06.22"]
[SourceQuality "1"]

1. d4 Nf6 2. c4 g6 3. Nc3 Bg7 4. e4 d6 5. Nf3 0-0 6. Be2 Nbd7 7. 0-0 e5 8. dxe5 Nxe5 9. Nxe5 dxe5 10. Qxd8 Rxd8 11. Bg5 c6 12. Rad1 Rxd1 13. Rxd1 Be6 14. b4 h6 15. Be3 Ng4 16. Bc1 Bf8 17. a3 b6 18. f3 Nf6 19. b5 Bc5+ 20. Kf1 Kg7 21. bxc6 Rc8 22. Nd5 Rxc6 23. Bxh6+ Kxh6 24. Nxf6 Bd4 25. Nd5 f5 26. Bd3 fxe4 27. fxe4 Bg4 28. Rc1 Rc8 29. Ke1 Rf8 30. Rc2 Kg5 31. h3 Bd7 32. Nc3 a6 33. Nd1 Ba4 34. Rd2 Kh4 35. Be2 Kg3 36. Bf1 Bxd1 37. Rd3+ Bf3 38. Rxf3+ Rxf3 39. gxf3 Kxf3 40. Kd2 g5 41. Kd3 a5 42. a4 Kf2 43. Be2 1/2-1/2

[Event "SRI-ch (Women)"]
[Site "Malabe"]
[Date "2015.07.13"]
[Round "13"]
[White "Abeysinghe, HMH Janandani"]
[Black "Kodikara, KKM Sachintha"]
[Result "1/2-1/2"]
[WhiteElo "1519"]
[BlackElo "1505"]
[PlyCount "54"]
[EventDate "2015.07.04"]
[EventType "tourn"]
[EventRounds "13"]
[EventCountry "SRI"]
[SourceTitle "CBM 167 Extra"]
[Source "ChessBase"]
[SourceDate "2015.09.14"]
[SourceVersion "1"]
[SourceVersionDate "2015.09.14"]
[SourceQuality "1"]

1. d4 d5 2. c4 c6 3. Nc3 Nf6 4. e3 a6 5. a4 Bf5 6. c5 a5 7. Bd3 Bxd3 8. Qxd3 Nbd7 9. Nf3 e6 10. 0-0 Be7 11. Bd2 0-0 12. Rfb1 Qc7 13. e4 dxe4 14. Nxe4 Nxe4 15. Qxe4 Nf6 16. Qc2 Nd5 17. h3 h6 18. b4 axb4 19. Bxb4 Bf6 20. a5 Qd7 21. Qe4 Qc7 22. Qg4 Kh8 23. Qg3 Qd8 24. Ne5 Qc7 25. Nf3 Qd8 26. Ne5 Qc7 27. Nf3 Qd8 1/2-1/2

[Event "SRI-ch (Women)"]
[Site "Malabe"]
[Date "2015.07.12"]
[Round "12"]
[White "Kodikara, KKM Sachintha"]
[Black "Ranasinghe, Sasini Dulanga"]
[Result "0-1"]
[WhiteElo "1505"]
[BlackElo "1783"]
[PlyCount "94"]
[EventDate "2015.07.04"]
[EventType "tourn"]
[EventRounds "13"]
[EventCountry "SRI"]
[SourceTitle "CBM 167 Extra"]
[Source "ChessBase"]
[SourceDate "2015.09.14"]
[SourceVersion "1"]
[SourceVersionDate "2015.09.14"]
[SourceQuality "1"]

1. d4 d5 2. Nf3 e6 3. Bf4 Bd6 4. Bg3 Nf6 5. Nbd2 0-0 6. c3 c5 7. e3 Nc6 8. Bd3 b6 9. Bxd6 Qxd6 10. 0-0 Bb7 11. Re1 e5 12. dxe5 Nxe5 13. Nxe5 Qxe5 14. Nf3 Qh5 15. Be2 Qh6 16. Ne5 Rfe8 17. Ng4 Nxg4 18. Bxg4 Rad8 19. Bf3 Qg5 20. Qe2 Bc8 21. g3 Bh3 22. Bg2 Bxg2 23. Kxg2 d4 24. cxd4 cxd4 25. e4 d3 26. Qf3 Qe5 27. Rad1 Qxb2 28. Rxd3 Rxd3 29. Qxd3 Qxa2 30. Kf1 a5 31. Qd5 Qxd5 32. exd5 Rxe1+ 33. Kxe1 Kf8 34. Kd2 Ke7 35. Kc3 b5 36. f4 Kd6 37. Kd4 a4 38. f5 a3 39. Kc3 Kxd5 40. Kb3 b4 41. Kc2 a2 42. Kb2 b3 43. g4 h5 44. gxh5 Ke5 45. h4 Kxf5 46. h6 gxh6 47. h5 Ke4 0-1

[Event "SRI-chB (Women)"]
[Site "Malabe"]
[Date "2015.06.28"]
[Round "9"]
[White "Jayaweera, Sayuni Gihansa"]
[Black "Kodikara, KKM Sachintha"]
[Result "1-0"]
[WhiteElo "1437"]
[BlackElo "1474"]
[PlyCount "105"]
[EventDate "2015.05.19"]
[EventType "swiss"]
[EventRounds "10"]
[EventCountry "SRI"]
[SourceTitle "EXT 2016"]
[Source "ChessBase"]
[SourceDate "2015.10.08"]
[SourceVersion "1"]
[SourceVersionDate "2015.10.08"]
[SourceQuality "1"]

1. d4 d5 2. c4 c6 3. Nf3 Nf6 4. g3 a6 5. a4 Bf5 6. c5 Nbd7 7. Qb3 Ra7 8. Nc3 e6 9. a5 Be7 10. Bg2 0-0 11. 0-0 h6 12. Bf4 Nh5 13. Bd2 Re8 14. Na4 Bf8 15. Nb6 Nhf6 16. Bf4 Bg4 17. Rfe1 Bxf3 18. exf3 e5 19. dxe5 Nxc5 20. Qc2 Nfd7 21. Be3 d4 22. Bxd4 Ne6 23. Be3 c5 24. Red1 Re7 25. Rd2 Qc7 26. Nd5 Qc8 27. Nxe7+ Bxe7 28. f4 Ra8 29. Rc1 Nb8 30. Qb3 Nc6 31. Bxc6 Qxc6 32. Qd5 Qb5 33. Qd7 Bf8 34. Qxb5 axb5 35. Rd7 Rb8 36. f5 Ng5 37. Bxg5 hxg5 38. e6 fxe6 39. fxe6 Re8 40. Re1 Kh7 41. e7 Bxe7 42. Rexe7 Rxe7 43. Rxe7 b4 44. Rxb7 c4 45. Rxb4 c3 46. bxc3 g4 47. a6 g5 48. a7 Kh6 49. a8Q Kh5 50. Qe8+ Kh6 51. Rb6+ Kh7 52. Qf7+ Kh8 53. Rb8# 1-0

[Event "SRI-chB (Women)"]
[Site "Malabe"]
[Date "2015.06.21"]
[Round "5"]
[White "Balasuriya, Sajini Hasara"]
[Black "Kodikara, KKM Sachintha"]
[Result "0-1"]
[WhiteElo "1571"]
[BlackElo "1474"]
[PlyCount "73"]
[EventDate "2015.05.19"]
[EventType "swiss"]
[EventRounds "10"]
[EventCountry "SRI"]
[SourceTitle "EXT 2016"]
[Source "ChessBase"]
[SourceDate "2015.10.08"]
[SourceVersion "1"]
[SourceVersionDate "2015.10.08"]
[SourceQuality "1"]

1. e4 d5 2. exd5 Qxd5 3. Nc3 Qa5 4. d4 c6 5. Nf3 Nf6 6. Bc4 Bg4 7. h3 Bxf3 8. Qxf3 e6 9. 0-0 Bd6 10. Re1 0-0 11. Bf4 Bxf4 12. Qxf4 Nbd7 13. Ne4 Nxe4 14. Rxe4 Nf6 15. Re5 Qc7 16. Qf3 Qb6 17. Qc3 Rad8 18. Rd1 Rd7 19. g4 Rfd8 20. g5 Ne8 21. Re4 Nd6 22. Rg4 Nf5 23. d5 Ne7 24. Rgd4 cxd5 25. Bb3 Nc6 26. Rh4 Na5 27. Qd3 g6 28. Rh6 Qb4 29. Qe3 Nc6 30. a3 Qe7 31. Qg3 Qf8 32. Ba4 Rd6 33. Bxc6 Rxc6 34. Rd4 Rc4 35. Rd2 Qd6 36. Qg2 Qe5 37. Qg3 0-1